Public inquiry ordered by the minister of agriculture into the disposal of land at crichel down (Record no. 398405)

000 -LEADER
fixed length control field 00477cam a22001217a 4500
008 - FIXED-LENGTH DATA ELEMENTS--GENERAL INFORMATION
fixed length control field 180718b1954 xxu||||| |||| 00| 0 eng d
082 ## - DEWEY DECIMAL CLASSIFICATION NUMBER
Classification number I92x42 Un3c
245 ## - TITLE STATEMENT
Title Public inquiry ordered by the minister of agriculture into the disposal of land at crichel down
Statement of responsibility, etc. by Command of Her Majesty, United Kingdom
260 ## - PUBLICATION, DISTRIBUTION, ETC.
Place of publication, distribution, etc. London
Name of publisher, distributor, etc. H.M.S.O.
Date of publication, distribution, etc. 1954
300 ## - PHYSICAL DESCRIPTION
Extent 32+p
700 ## - ADDED ENTRY--PERSONAL NAME
Personal name United Kingdom. Ministry of Agriculture and Fisheries
700 ## - ADDED ENTRY--PERSONAL NAME
Personal name United Kingdom. Command of Her Majesty
Holdings
Withdrawn status Lost status Damaged status Not for loan Permanent Location Current Location Date acquired Full call number Barcode Date last seen Price effective from Koha item type
        Indian Institute of Public Administration Indian Institute of Public Administration 2001-08-17 I92x42 Un3c 14934 2018-07-21 2018-07-21 Book

Powered by Koha